"Computer-mediated lists for foreign languages" (Record no. 64583)

MARC details
000 -CABECERA
campo de control de longitud fija 00589nam a2200217 a 4500
005 - FECHA Y HORA DE LA ÚLTIMA TRANSACCIÓN
campo de control 20210219152942.0
008 - ELEMENTOS DE LONGITUD FIJA--INFORMACIÓN GENERAL
campo de control de longitud fija 991125n 000 0 u
035 ## - NÚMERO DE CONTROL DEL SISTEMA
Número de control de sistema UPN01000068461
100 ## - ASIENTO PRINCIPAL--NOMBRE PERSONAL
Nombre de persona Shires, Nancy P.
222 ## - TÍTULO CLAVE
Título clave I A L L JOURNAL OF LANGUAGE LEARNING TECHNOLOGIES
245 ## - MENCIÓN DE TÍTULO
Título "Computer-mediated lists for foreign languages"
300 ## - DESCRIPCIÓN FÍSICA
Extensión 29-36
362 ## - FECHAS DE PUBLICACIÓN Y/O DESIGNACIÓN SECUENCIAL
Fecha de publicación y/o designación secuencial 26, No.2, 1993
505 ## - NOTA DE CONTENIDO CON FORMATO PREESTABLECIDO
Nota de contenido con formato Septiembre 1993
653 0# - TERMINO DE INDIZACION - NO CONTROLADO
Término no controlado EAC
653 0# - TERMINO DE INDIZACION - NO CONTROLADO
Término no controlado LENGUAS MODERNAS
653 0# - TERMINO DE INDIZACION - NO CONTROLADO
Término no controlado REDES DE INFORMACION
653 0# - TERMINO DE INDIZACION - NO CONTROLADO
Término no controlado SEGUNDA LENGUA
904 ## - ELEMENTOS DE DATOS D LOCAL, LDD (RLIN)
a AC
b 006272
905 ## - TIPO DE MATERIAL
Tipo de material Articulo

No items available.